000 00613nam a2200205 i 4500
001 94388
003 ES-MaACL
005 20250627063639.0
007 t|
008 050429s1954 sp ||||1| spa d
100 1 _aLorén, Santiago,
_d1918-2010
_974093
245 1 0 _aUna casa con goteras
_b: novela /
_cSantiago Lorén.
250 _a[1ª ed.].
260 _aBarcelona :
_bPlaneta,
_c1954.
300 _a457 p. ;
_c20 cm.
490 1 _aAutores españoles contemporáneos
830 0 _aAutores españoles contemporáneos
_9180811
852 _aES-MaACL
_jC-7335
_bR.36024
999 _c94388
_d94388